| 000 | 01449nam a2200361Ia 4500 | ||
|---|---|---|---|
| 001 | ebr10726569 | ||
| 003 | CaPaEBR | ||
| 006 | m o u | ||
| 007 | cr cn||||||||| | ||
| 008 | 110303s2012 nyua sb 001 0 eng d | ||
| 010 | _z 2011009054 | ||
| 020 | _z1613242425 (softcover) | ||
| 020 | _z9781613242421 (softcover) | ||
| 020 | _z9781628086096 (ebook) | ||
| 040 |
_aCaPaEBR _cCaPaEBR |
||
| 035 | _a(OCoLC)848902327 | ||
| 050 | 1 | 4 |
_aG156.5.E26 _bR45 2012eb |
| 082 | 0 | 4 |
_a333.95 _222 |
| 100 | 1 |
_aRai, Suresh Chand, _d1958- |
|
| 245 | 1 | 0 |
_aEcotourism and biodiversity conservation _h[electronic resource] / _cSuresh C. Rai. |
| 260 |
_aNew York : _bNova Science Publishers, Inc., _cc2012. |
||
| 300 |
_axii, 142 p. : _bill. |
||
| 440 | 0 | _aTourism and hospitality development and management | |
| 490 | 1 | _aEconomic issues, problems and perspectives | |
| 504 | _aIncludes bibliographical references (p. [111]-123) and index. | ||
| 533 |
_aElectronic reproduction. _bPalo Alto, Calif. : _cebrary, _d2013. _nAvailable via World Wide Web. _nAccess may be limited to ebrary affiliated libraries. |
||
| 650 | 0 | _aBiodiversity conservation. | |
| 650 | 0 | _aEcotourism. | |
| 655 | 7 |
_aElectronic books. _2local |
|
| 710 | 2 | _aebrary, Inc. | |
| 830 | 0 | _aEconomic issues, problems and perspectives series. | |
| 856 | 4 | 0 |
_uhttp://site.ebrary.com/lib/rucke/Doc?id=10726569 _zAn electronic book accessible through the World Wide Web; click to view |
| 999 |
_c153124 _d153124 |
||